• 首页
  • 本馆介绍
  • 公告通知
  • 最新文献
  • 馆藏检索
  • 电子资源
  • 读者导购
  • 参考咨询
  • 我的图书馆
  • 登录
  • 详细信息显示
  • 放入我的书架
  • 预约/预借图书
  • 作者相关作品
  • 分类相关作品
  • 丛书相关作品
  • 出版社相关作品

书目信息

  • 表格格式
  • 工作单格式
  • 卡片格式
题名:
刑法解释基础理论研究
    
 
作者: 葛恒浩 著
分册:  
出版信息: 北京   法律出版社  2020.10
页数: 269页
开本: 21cm
丛书名: 东南大学法学博士文库
单 册:
中图分类:
科图分类:
主题词: 刑法--法律解释--研究--中国 , 法律--中国
电子资源:
ISBN: 978-7-5197-4855-5
000 00967nam 2200313 450
001 2355224863
005 20120618211316.28
010    @a978-7-5197-4855-5@dCNY68.00
100    @a20201216d2020 em y0chiy50 ea
101 0  @achi
102    @aCN@b110000
105    @ay a 000yy
106    @ar
200 1  @a刑法解释基础理论研究@f葛恒浩著
210    @a北京@c法律出版社@d2020.10
215    @a269页@d21cm
225 2  @a东南大学法学博士文库
300    @a西北大学学术著作出版基金资助
314    @a葛恒浩, 西北大学法学院讲师。
320    @a有书目
330    @a本书分六章, 内容包括: 刑法解释的基本问题 ; 刑法文义的解释方法 ; 刑法体系解释方法 ; 刑法目的解释方法 ; 刑法解释方法位阶 ; 刑法解释思维模式。
410  0 @12001 @a东南大学法学博士文库
606 0  @a刑法@x法律解释@x研究@y中国
606 0  @a法律@x中国
690    @a@v5
690    @aD924.05@v4
701  0 @a葛恒浩@4著
801  0 @aCN@b安徽时代出版发行有限公司@c20201216
905    @dD924.05@e1000
    
    刑法解释基础理论研究/葛恒浩著.-北京:法律出版社,2020.10
    269页;21cm.-(东南大学法学博士文库)
    西北大学学术著作出版基金资助
    
    ISBN 978-7-5197-4855-5:CNY68.00
    本书分六章, 内容包括: 刑法解释的基本问题 ; 刑法文义的解释方法 ; 刑法体系解释方法 ; 刑法目的解释方法 ; 刑法解释方法位阶 ; 刑法解释思维模式。
●
相关链接 在E读中查询图书 在五车中查询图书 在当当中查询图书 在豆瓣中查询图书


正题名:刑法解释基础理论研究     索取号:D924.05/1000         预约/预借

序号 登录号 条形码 馆藏地/架位号 状态 备注
1 1411562   214115624   第一样本阅览室/ [索取号:D924.05/1000] 在馆    
2 1411563   214115633   第一借阅区/ [索取号:D924.05/1000] 在馆    
3 1411564   214115642   第一借阅区/ [索取号:D924.05/1000] 在馆    
4 1411565   214115651   第一借阅区/ [索取号:D924.05/1000] 在馆    
5 1411566   214115660   第一借阅区/ [索取号:D924.05/1000] 在馆    
唐山师范学院图书馆 欢迎您!
大连网信软件有限公司© 版权所有